Movies Quiz

Random Movies or Animation Quiz

Disney Without Humans Quiz Stats

 Plays Quiz Updated Mar 6, 2020

     
Support Sporcle.
Go Orange.
Score 0/10 Timer 03:00
3 Plays Today
Year Film % Correct
1942Bambi
65%
1994The Lion King
64.5%
2006Cars
64.5%
1998A Bug's Life
53.8%
2017Cars 3
44.6%
2011Cars 2
43%
2020Onward
41.9%
2016Zootopia
40%
1973Robin Hood
39.3%
2000Dinosaur
19%

From the Vault

Headlines and Presidents

by biggs364

History 5m
While a lot of Presidential actions are newsworthy, this quiz notes those moments that have little to do with them.
Remove Ads.
Support Sporcle.
Get the best of Sporcle when you Go Orange. This ad-free experience offers more features, more stats, and more fun while also helping to support Sporcle. Thank you for becoming a member.

Show Comments

Extras

Top Quizzes Today


Score Distribution

Your Account Isn't Verified!

In order to create a playlist on Sporcle, you need to verify the email address you used during registration. Go to your Sporcle Settings to finish the process.

Report this User

Report this user for behavior that violates our Community Guidelines.

Details: